Neverbálna komunikácia v obchodnom rozhovore

Veľa obchodných jednaní končí neúspechom len preto, že obchodníci podcenia komunikáciu. Ignorujú reč tela svojho partnera, a preto jej nemôžu prispôsobiť vedenie obchodného rozhovoru. Neverbálne signály komunuikácie - mimika, žmurkanie, gestikulácia. Kinezika, posturika, proxemika. Správny výklad ne...

Full description

Saved in:
Bibliographic Details
Main Author: Jarošová, Jana
Format: Book Chapter
Language:Slovak
Subjects:
Tags: Add Tag
No Tags, Be the first to tag this record!

MARC

LEADER 00000naa a2200000 4500
001 0169986
005 20231120133817.0
041 0 |a slo 
044 |a SK 
245 1 0 |a Neverbálna komunikácia v obchodnom rozhovore  |c Jana Jarošová 
520 |a Veľa obchodných jednaní končí neúspechom len preto, že obchodníci podcenia komunikáciu. Ignorujú reč tela svojho partnera, a preto jej nemôžu prispôsobiť vedenie obchodného rozhovoru. Neverbálne signály komunuikácie - mimika, žmurkanie, gestikulácia. Kinezika, posturika, proxemika. Správny výklad neverbálnej komunikácie. 
610 2 0 |a rokovania obchodné 
610 2 0 |a komunikácia neverbálna 
100 1 |a Jarošová, Jana